00540nam a2200193Ia 450000500170000000800410001702000150005808200190007324500250009226000370011730000180015465000110017265000100018370000170019370000200021094200060023095200950023699900150033120241219031425.0240331s9999 xx 000 0 und d a8170337062 bJAS24747a305 0aGender and Narrative aJaipurbRawat Publicationsc2002 axxiv, 264 p., aGender aWomen aJain, Jeedt aAgarwal, Seedt cL 001040708LaWERCLbWERCLcSSCd2024-03-31l0o 305 GENp4747r2024-03-31w2024-03-31yL c1421d1421